000 00385nam a22001457a 4500
003 OSt
005 20160727222345.0
008 160621b xxu||||| |||| 00| 0 eng d
040 _cTest
100 _9209
_aSachar, L
245 _aMarvin Redpost
_bAlone in his Teacher's House
260 _aN.Y
_b Scholastic
_c1994
300 _aMarvin Redpost:Alone in his Teacher's House
942 _2ddc
_cBK
999 _c167
_d167